Todos los fuegos el fuego / (Record no. 82711)

MARC details
000 -LEADER
campo de control de longitud fija 01343cam a2200229 i 4500
001 - NÚMERO DE CONTROL
campo de control 117593
005 - FECHA Y HORA DE LA ÚLTIMA TRANSACCIÓN
campo de control 20230410130921.0
008 - DATOS DE LONGITUD FIJA--INFORMACIÓN GENERAL
campo de control de longitud fija 140905r20122007sp gr 000 1 spa d
020 ## - NÚMERO INTERNACIONAL ESTÁNDAR DEL LIBRO
Número Internacional Estándar del Libro 9788466319942
020 ## - NÚMERO INTERNACIONAL ESTÁNDAR DEL LIBRO
Número Internacional Estándar del Libro 8466319948
041 0# - CÓDIGO DE IDIOMA
Código de lengua del texto/banda sonora o título independiente spa
050 14 - SIGNATURA TOPOGRÁFICA DE LA BIBLIOTECA DEL CONGRESO
Número de clasificación PQ 7797
Número de ítem C827t 2012
100 1# - ENTRADA PRINCIPAL--NOMBRE DE PERSONA
Nombre de persona Cortázar, Julio,
Fechas asociadas al nombre 1914-1984.
245 00 - MENCIÓN DEL TÍTULO
Título Todos los fuegos el fuego /
Mención de responsabilidad, etc. Julio Cortázar.
250 ## - MENCION DE EDICION
Mención de edición 5ta ed.
260 ## - PUBLICACIÓN, DISTRIBUCIÓN, ETC.
Lugar de publicación, distribución, etc. Madrid :
Nombre del editor, distribuidor, etc. Punto de lectura,
Fecha de publicación, distribución, etc. 2012
300 ## - DESCRIPCIÓN FÍSICA
Extensión 183 p. ;
Dimensiones 19 cm.
505 0# - NOTA DE CONTENIDO CON FORMATO
Nota de contenido con formato La autopista del sur -- La salud de los enfermos -- Reunión -- La señorita Cora -- La isla a mediodía -- Instrucciones para John Howell -- Todos los fuegos el fuego -- El otro cielo.
520 ## - RESUMEN, ETC.
Sumario, etc. Todos los fuegos el fuego (1966) ofrece ocho muestras rotundas de la plenitud creadora que alcanzan los cuentos de Cortázar. Desde la exasperada metáfora de las relaciones humanas que es "La autopista del sur" hasta la maestría de "El otro cielo", Cortázar vuelve a abrir nuevos caminos con relatos que son referencia obligada para sus lectores y para los amantes del cuento en general. "La salud de los enfermos", "Reunión", "La señorita Cora", "La isla a mediodía", "Instrucciones para John Howell", "Todos los fuegos el fuego": una fiesta de la inteligencia, de la pasión y del genio.
942 ## - ELEMENTOS DE ENTRADA SECUNDARIOS (KOHA)
Fuente del sistema de clasificación o colocación Clasificación de Library of Congress
Tipo de ítem Koha
946 ## - PROCESAMIENTO DE INFORMACIÓN LOCAL (OCLC)
a JaaM
Holdings
Estatus retirado Estado de pérdida Fuente del sistema de clasificación o colocación Estado de daño No para préstamo Colección Biblioteca de origen Biblioteca actual Ubicación en estantería Fecha de adquisición Serial enumeration / chronology Signatura topográfica completa Código de barras Visto por última vez Tipo de ítem Koha
    Clasificación de Library of Congress     Humanidades Biblioteca Juan Bosch Biblioteca Juan Bosch Humanidades (4to. Piso) 10/04/2023 4 PQ 7797 C827t 2012 00000110774 25/10/2018